Every cube block in minecraft - Statistics

General Stats
  • This quiz has been taken 8 times
  • The average score is 21 of 391
Answer Stats
Hint Blocks % Correct
Dirt
83%
Grass Block
83%
Stone
83%
Cobblestone
67%
Gravel
67%
Acacia Leaves
50%
Birch Leaves
50%
Diamond Ore
50%
Oak Leaves
50%
Oak Wood
50%
Acacia Wood
33%
Andesite
33%
Birch Wood
33%
Dark Oak Wood
33%
Diamond Block
33%
Diorite
33%
Jungle Leaves
33%
Jungle Wood
33%
Lapis Lazuli Ore
33%
Oak Planks
33%
Obsidian
33%
Redstone Ore
33%
Sand
33%
Smooth Stone
33%
Acacia Planks
17%
Ancient Debris
17%
Beacon
17%
Black Stained Glass
17%
Blue Stained Glass
17%
Brewing Stand
17%
Brown Mushroom Block
17%
Brown Stained Glass
17%
Brown Terracotta
17%
Cauldron
17%
Chest
17%
Clay
17%
Coal Ore
17%
Copper Ore
17%
Crafting Table
17%
Cyan Stained Glass
17%
Dark Oak Leaves
17%
Deepslate
17%
Emerald Block
17%
Emerald Ore
17%
Enchanting Table
17%
End Stone
17%
Furnace
17%
Glass
17%
Glowstone
17%
Granite
17%
Gray Stained Glass
17%
Honey Block
17%
Ice
17%
Iron Ore
17%
Jukebox
17%
Jungle Planks
17%
Magma Block
17%
Mossy Cobblestone
17%
Mud
17%
Nether Bricks
17%
Note Block
17%
Oak Log
17%
Orange Stained Glass
17%
Orange Terracotta
17%
Packed Ice
17%
Pink Stained Glass
17%
Prismarine
17%
Purple Stained Glass
17%
Red Mushroom Block
17%
Red Stained Glass
17%
Redstone Lamp
17%
Red Terracotta
17%
Snow Block
17%
Sponge
17%
Spruce Leaves
17%
Spruce Planks
17%
Spruce Wood
17%
Stone Bricks
17%
Terracotta
17%
Wet Sponge
17%
Yellow Terracotta
17%
Acacia Log
0%
Anvil
0%
Azalea Leaves
0%
Bamboo Planks
0%
Barrel
0%
Barrier
0%
Basalt
0%
Bedrock
0%
Beehive
0%
Bee Nest
0%
Birch Log
0%
Birch Planks
0%
Black Concrete
0%
Black Concrete Powder
0%
Black Glazed Terracotta
0%
Black Shulker Box
0%
Blackstone
0%
Black Terracotta
0%
Black Wool
0%
Blast Furnace
0%
Block of Amethyst
0%
Block of Bamboo
0%
Block of Coal
0%
Block of Copper
0%
Block of Gold
0%
Block of Iron
0%
Block of Lapis Lazuli
0%
Block of Netherite
0%
Block of Quartz
0%
Block of Raw Gold
0%
Block of Raw Iron
0%
Block Of Redstone
0%
Blue Concrete
0%
Blue Concrete Powder
0%
Blue Glazed Terracotta
0%
Blue Ice
0%
Blue Shulker Box
0%
Blue Terracotta
0%
Blue Wool
0%
Do you really need a hint for this? Brain Coral Block
0%
Bricks
0%
Brown Concrete
0%
Brown Concrete Powder
0%
Brown Glazed Terracotta
0%
Brown Shulker Box
0%
Brown Wool
0%
Bubble Coral Block
0%
Budding Amethyst
0%
Cactus
0%
Cartography Table
0%
Carved Pumpkin
0%
Chain Command Block
0%
Chipped Anvil
0%
Chiseled Deepslate
0%
Chiseled Nether Bricks
0%
Chiseled Polished Blackstone
0%
Chiseled Quartz Block
0%
Chiseled Red Sandstone
0%
Chiseled Sandstone
0%
Chiseled Stone Bricks
0%
Chorus Plant
0%
Chours Flower
0%
Coarse Dirt
0%
Cobbled Deepslate
0%
Command Block
0%
Composter
0%
Cracked Deepslate Bricks
0%
Cracked Deepslate Tiles
0%
Cracked Nether Bricks
0%
Cracked Polished Blackstone Bricks
0%
Cracked Stone Bricks
0%
Crimson Hyphae
0%
Crimson Nylium
0%
Crimson Planks
0%
Crimson Stem
0%
Crying Obsidian
0%
Cut Copper
0%
Cut Red Sandstone
0%
Cut Sandstone
0%
Cyan Concrete
0%
Cyan Concrete Powder
0%
Cyan Glazed Terracotta
0%
Cyan Shulker Box
0%
Cyan Terracotta
0%
Cyan Wool
0%
Damaged Anvil
0%
Dark Oak Log
0%
Dark Oak Planks
0%
Dark Prismarine
0%
Dead Brain Coral Block
0%
Dead Bubble Coral Block
0%
Dead Fire Coral Block
0%
Dead Horn Coral Block
0%
Dead Tube Coral Block
0%
Deepslate Bricks
0%
Deepslate Coal Ore
0%
Deepslate Copper Ore
0%
Deepslate Diamond Ore
0%
Deepslate Emerald Ore
0%
Deepslate Gold Ore
0%
Deepslate Iron Ore
0%
Deepslate Lapis Lazuli Ore
0%
Deepslate Redstone Ore
0%
Deepslate Tiles
0%
Dirt Path
0%
Dispenser
0%
Dried Kelp Block
0%
Dripstone Block
0%
Dropper
0%
Ender Chest
0%
End Stone Bricks
0%
Exposed Copper
0%
Exposed Cut Copper
0%
Farmland
0%
Fire Coral Block
0%
Fletching Table
0%
Flowering Azalea Leaves
0%
Gilded Blackstone
0%
Gold Ore
0%
Gray Concrete
0%
Gray Concrete Powder
0%
Gray Glazed Terracotta
0%
Gray Shulker Box
0%
Gray Terracotta
0%
Gray Wool
0%
Green Concrete
0%
Green Concrete Powder
0%
Green Glazed Terracotta
0%
Green Shulker Box
0%
Green Stained Glass
0%
Green Terracotta
0%
Green Wool
0%
Hay Bale
0%
Honeycomb Block
0%
Hopper
0%
Horn Coral Block
0%
Infested Chiseled Stone Bricks
0%
Infested Cobblestone
0%
Infested Cracked Stone Bricks
0%
Infested Deepslate
0%
Infested Mossy Stone Bricks
0%
Infested Stone
0%
Infested Stone Bricks
0%
Jack o'Lantern
0%
Jungle Log
0%
Lectern
0%
Light Blue Concrete
0%
Light Blue Concrete Powder
0%
Light Blue Glazed Terracotta
0%
Light Blue Shulker Box
0%
Light Blue Stained Glass
0%
Light Blue Terracotta
0%
Light Blue Wool
0%
Light Gray Concrete
0%
Light Gray Concrete Powder
0%
Light Gray Glazed Terracotta
0%
Light Gray Shulker Box
0%
Light Gray Stained Glass
0%
Light Gray Terracotta
0%
Light Gray Wool
0%
Lime Concrete
0%
Lime Concrete Powder
0%
Lime Glazed Terracotta
0%
Lime Shulker Box
0%
Lime Stained Glass
0%
Lime Terracotta
0%
Lime Wool
0%
Lodestone
0%
Loom
0%
Magenta Concrete
0%
Magenta Concrete Powder
0%
Magenta Glazed Terracotta
0%
Magenta Shulker Box
0%
Magenta Stained Glass
0%
Magenta Terracotta
0%
Magenta Wool
0%
Mangrove Leaves
0%
Mangrove Log
0%
Mangrove Planks
0%
Mangrove Wood
0%
Melon
0%
Mob Spawner
0%
Moss Block
0%
Mossy Stone Bricks
0%
Mud Bricks
0%
Mushroom Stem
0%
Mycelium
0%
Nether Gold Ore
0%
Nether Quartz Ore
0%
Nether Wart Block
0%
Observer
0%
Ochre Froglight
0%
Orange Concrete
0%
Orange Concrete Powder
0%
Orange Glazed Terracotta
0%
Orange Shulker Box
0%
Orange Wool
0%
Oxidized Copper
0%
Oxidized Cut Copper
0%
Packed Mud
0%
Pearlescent Froglight
0%
Pink Concrete
0%
Pink Concrete Powder
0%
Pink Glazed Terracotta
0%
Pink Shulker Box
0%
Pink Terracotta
0%
Pink Wool
0%
Piston
0%
Podzol
0%
Polished Andesite
0%
Polished Basalt
0%
Polished Blackstone
0%
Polished Blackstone Bricks
0%
Polished Deepslate
0%
Polished Diorite
0%
Polished Granite
0%
Prismarine Bricks
0%
Pumpkin
0%
Purple Concrete
0%
Purple Concrete Powder
0%
Purple Glazed Terracotta
0%
Purple Shulker Box
0%
Purple Terracotta
0%
Purple Wool
0%
Purpur Block
0%
Purpur Pillar
0%
Quartz Pillar
0%
Red Concrete
0%
Red Concrete Powder
0%
Red Glazed Terracotta
0%
Red Nether Bricks
0%
Red Sand
0%
Red Sandstone
0%
Red Shulker Box
0%
Red Wool
0%
Repeating Command Block
0%
Respawn Anchor
0%
Rooted Dirt
0%
Sandstone
0%
Scaffolding
0%
Sculk
0%
Sculk Catalyst
0%
Sea Lantern
0%
Shroomlight
0%
Shulker Box
0%
Slime Block
0%
Smithing Table
0%
Smoker
0%
Smooth Basalt
0%
Smooth Quartz Block
0%
Smooth Red Sandstone
0%
Smooth Sandstone
0%
Soul Sand
0%
Soul Soil
0%
Spruce Log
0%
Sticky Piston
0%
Stonecutter
0%
Stripped Acacia Log
0%
Stripped Acacia Wood
0%
Stripped Birch Log
0%
Stripped Birch Wood
0%
Stripped Crimson Hyphae
0%
Stripped Crimson Stem
0%
Stripped Dark Oak Log
0%
Stripped Dark Oak Wood
0%
Stripped Jungle Log
0%
Stripped Jungle Wood
0%
Stripped Mangrove Log
0%
Stripped Mangrove Wood
0%
Stripped Oak Log
0%
Stripped Oak Wood
0%
Stripped Spruce Log
0%
Stripped Spruce Wood
0%
Stripped Warped Hyphae
0%
Stripped Warped Stem
0%
Structure Block
0%
Structure Void
0%
Target
0%
Tinted Glass
0%
TNT
0%
Trapped Chest
0%
Tube Coral Block
0%
Verdant Froglight
0%
Warped Hyphae
0%
Warped Nylium
0%
Warped Planks
0%
Warped Stem
0%
Waxed Block Of Copper
0%
Waxed Cut Copper
0%
Waxed Exposed Copper
0%
Waxed Exposed Cut Copper
0%
Waxed Oxidized Copper
0%
Waxed Oxidized Cut Copper
0%
Waxed Weathered Copper
0%
Waxed Weathered Cut Copper
0%
Weathered Copper
0%
Weathered Cut Copper
0%
White Concrete
0%
White Concrete Powder
0%
White Glazed Terracotta
0%
White Shulker Box
0%
White Stained Glass
0%
White Terracotta
0%
White Wool
0%
Yellow Concrete
0%
Yellow Concrete Powder
0%
Yellow Glazed Terracotta
0%
Yellow Shulker Box
0%
Yellow Stained Glass
0%
Yellow Wool
0%
No matching quizzes found
Score Distribution
Percent of People with Each Score
Percentile by Number Answered
Your Score History
You have not taken this quiz